Autonomist or Seccesionist States Quiz Stats

 Plays Quiz not verified by Sporcle

Also try: 5 to 1: US States
Challenge
Share
Tweet
Embed
Score 0/56 Timer 08:00
0 Plays Today
Country State % Correct
ChinaTibet
83%
United States of AmericaTexas
81.6%
United KingdomScotland
81%
ItalySicily
79.6%
SudanDarfur
78.9%
ChinaMacau
78.9%
TurkeyAssyria
78.2%
IranAssyria
78.2%
United KingdomWales
78.2%
United KingdomEngland
78.2%
United States of AmericaAlaska
78.2%
United States of AmericaHawai'i
78.2%
SyriaAssyria
77.6%
FranceCorsica
77.6%
NigeriaIgbo
76.2%
IndonesiaBali
76.2%
CanadaQuebec
76.2%
United StatesPuerto Rico
76.2%
IraqAssyria
75.5%
IsraelPalestine
74.8%
United States of AmericaNew England
74.8%
United States of AmericaThe South
74.1%
Sri LankaTamil
72.8%
ItalySardinia
72.8%
New ZealandSouth Island
71.4%
SpainCanary Islands
70.1%
DenmarkGreenland
67.3%
IndonesiaAceh
66.7%
Country State % Correct
Trinidad and TobagoTobago
66.7%
SomaliaSomaliland
62.6%
AngolaCabinda
61.2%
St. Kitts and NevisNevis
60.5%
MoroccoWestern Sahara
55.1%
GermanyBavaria
48.3%
TanzaniaZanzibar
46.3%
BelgiumWallonia
45.6%
SpainGalicia
45.6%
SpainBasque Country
36.1%
SpainCatalunya
36.1%
United KingdomCornwall
33.3%
IndiaKashmir
32.7%
BelgiumFlanders
32%
FinlandÅland Islands
31.3%
FranceBasque Country
31.3%
United KingdomIsle of Man
29.3%
DenmarkFaroe Islands
25.9%
ChinaTaiwan
24.5%
FranceBrittany
24.5%
IndonesiaWest Papua
22.4%
MexicoChiapas
20.4%
CameroonSouth Cameroon
18.4%
United States of AmericaGuam
14.3%
IndiaPunjab
10.2%
FranceNew Caledonia
10.2%
FranceReunion
8.8%
South AfricaBoere Free State
3.4%

You're not logged in!

Compare scores with friends on all Sporcle quizzes.
OR
Log In

You Might Also Like...

Show Comments

Extras

Top Quizzes Today


Score Distribution

Your Account Isn't Verified!

In order to create a playlist on Sporcle, you need to verify the email address you used during registration. Go to your Sporcle Settings to finish the process.

Report this User

Report this user for behavior that violates our Community Guidelines.

Details: